Beowulf
Saved in:
| Main Author: | |
|---|---|
| Other Authors: | |
| Format: | Book |
| Language: | English |
| Published: |
Harlow, England :
Longman,
1975
|
| Series: | Longman structural readers ;
; Stage 2 |
| Subjects: | |
| Tags: |
Add Tag
No Tags, Be the first to tag this record!
|
MARC
| LEADER | 00000nam a2200000 i 4500 | ||
|---|---|---|---|
| 001 | 1/49955 | ||
| 008 | 960401s1975 eng d | ||
| 020 | |a 0582538041 | ||
| 035 | |l 10026921 | ||
| 040 | |a GR-MY-UA |b gre |e aacr | ||
| 041 | 0 | |a eng | |
| 082 | 0 | |a 428.64 | |
| 100 | 1 | |a Walsh, Gordon. | |
| 245 | 1 | 0 | |a Beowulf / |c Gordon Walsh ; ill.: M.Charlton |
| 260 | |a Harlow, England : |b Longman, |c 1975 | ||
| 300 | |a 44 p. | ||
| 490 | 1 | |a Longman structural readers |v ; Stage 2 | |
| 650 | 0 | 0 | |a English language |x Readers. |
| 650 | 0 | 0 | |a English language |v Textbooks for foreign speakers. |
| 700 | 1 | |a Charlton, Michael. |4 ill | |
| 830 | 0 | |a Longman structural readers ; |v ; Stage 2 | |
| 852 | |a INST |b CHIOS |e 19960401 |h 428.64 WAL |p 005200004837 |q 005200004837 |t BK |y 0 | ||
| 909 | |a Χ |b 004788 | ||